000 00566cam a22002171 4500
001 757619
005 20180126090140.0
008 700706s1968 mnu 000 0 eng
010 _a 68004585
040 _aDLC
_cDLC
_dDLC
041 _aeng
043 _an-us---
080 _a3473036 LEO
082 0 0 _a3473036 LEO
_a347.3063
_219
100 1 _a14
101 _aJUR
245 1 0 _aCases on the law of torts,
_cby Leon Green [and others]
740 _aTorts, cases and materials.
906 _a7
_bcbc
_corignew
_du
_encip
_f19
_gy-gencatlg
942 _2ddc
_cBK
999 _c41032
_d41032